Marketing 4.0 (Registro nro. 13463)
[ vista simple ]
| 000 -Cabecera | |
|---|---|
| Campo de control de longitud fija | 00717nam a22002897a 4500 |
| 005 - Fecha y hora de la última transacción | |
| Campo de control | 20240322144949.0 |
| 008 - Elementos de longitud fija--Información general | |
| Campo de control de longitud fija | 230224b2019 |||||||| |||| 00| 0 spa d |
| 020 ## - International Standard Book Number | |
| Número Internacional Estándar del Libro (ISBN) | 9786079380915 |
| 041 ## - Idioma | |
| Código de idioma | Español |
| 082 ## - Clasificación Decimal Dewey | |
| Número de clasificación | 658.872 K87m |
| 100 ## - Entrada principal--Autor personal | |
| Nombre personal | Kotler, Philip |
| 245 ## - Título propiamente dicho | |
| Título | Marketing 4.0 |
| 260 ## - Pie de imprenta | |
| Lugar de publicación, distribución, etc. | Colombia |
| 260 ## - Pie de imprenta | |
| Nombre del editor, distribuidor, etc. | Ediciones de la U |
| 260 ## - Pie de imprenta | |
| Fecha de publicación, distribución, etc. | 2019 |
| 300 ## - Descripción física | |
| Extensión | 199 páginas |
| 650 ## - Materia general | |
| Temática (materia general) | MARKETING DIGITAL |
| 650 ## - Materia general | |
| Temática (materia general) | CLIENTES CONECTADOS |
| 650 ## - Materia general | |
| Temática (materia general) | MODELOS HORIZONTALES |
| 650 ## - Materia general | |
| Temática (materia general) | MODELOS INCLUSIVOS |
| 650 ## - Materia general | |
| Temática (materia general) | MODELOS SOCIALES |
| 650 ## - Materia general | |
| Temática (materia general) | PARADOJAS DEL MARKETING |
| 650 ## - Materia general | |
| Temática (materia general) | SUBCULTURAS GENERALES |
| 650 ## - Materia general | |
| Temática (materia general) | ECONOMÍA DIGITAL |
| 942 ## - Punto de acceso adicional KOHA | |
| Tipo de ítem KOHA | Libro |
| Fuente del sistema de clasificación o colocación | Dewey Decimal Classification |
| Signatura completa | Código de barras | Programa Académico | Tipo de ítem |
|---|---|---|---|
| 658.872 K87m | 25627 | Dirección y Administración de Empresas | Libro |